| 000 | 00936cam a2200313 i 4500 | ||
|---|---|---|---|
| 999 |
_c200447121 _d65333 |
||
| 003 | TR-AnTOB | ||
| 005 | 20230512151502.0 | ||
| 007 | ta | ||
| 008 | 100325s2002 tu a 00100 tur d | ||
| 035 | _a(OCoLC) | ||
| 040 |
_aB9K _beng _erda _cB9K _dSULEY _dTR-AnTOB |
||
| 041 | 0 | _atur | |
| 050 | 1 | 4 |
_aHF3756.5.Z5 _bİ37 2002 |
| 090 |
_aHF3756.5.Z5 _bİ37 2002 |
||
| 245 | 0 | 0 | _aİhracat dünyası 2002. |
| 264 | 1 |
_aİstanbul : _bDünya Yayıncılık, _c2002. |
|
| 300 |
_a496 pages: _billustrations ; _c37 cm |
||
| 336 |
_atext _btxt _2rdacontent |
||
| 337 |
_aunmediated _bn _2rdamedia |
||
| 338 |
_avolume _bnc _2rdacarrier |
||
| 490 | 0 | _aDünya Ekonomi Politika. | |
| 500 | _aImcludes index. | ||
| 650 | 7 |
_aİhracat _zTürkiye _2etuturkob _919816 |
|
| 651 | 7 |
_aTürkiye _xTicaret _2etuturkob _913482 |
|
| 710 | 2 |
_aDünya Yayıncılık (Firm) _9135678 |
|
| 942 |
_2lcc _cBK |
||